00397nam a2200109Ia 4500008004100000082001000041100004200051245005500093260002900148630005500177730005500232100328s9999 xx 000 0 und d b39814 aकुंटे प्रभाकर aमानवाची अंतराळ झेप bपॉप्युलर aमानवाची अंतराळ झेप aमानवाची अंतराळ झेप